| 000 | 00578nam a2200205 a 4500 | ||
|---|---|---|---|
| 005 | 20210219152953.0 | ||
| 008 | 991125n 000 0 u | ||
| 035 | _aUPN01000069823 | ||
| 100 | _aPAULSEN DE CARDENAS, Alba | ||
| 222 | _aREVISTA COLOMBIANA DE EDUCACION | ||
| 245 | _aCosto escolar y mejoramiento cualitativo de la educación | ||
| 300 | _a93-120 | ||
| 362 | _a1981 No. 8, jul.-dic. | ||
| 653 | 0 | _aCALIDAD EDUCATIVA | |
| 653 | 0 | _aEDUCACION PRIMARIA | |
| 653 | 0 | _aEDUCACION RURAL | |
| 653 | 0 | _aGASTO EDUCATIVO | |
| 904 |
_aAC _b007634 |
||
| 905 | _aArticulo | ||
| 999 |
_c65110 _d65110 |
||